Tottenham Hotspur Full Squads (2000-) - Statistics

General Stats
  • This quiz has been taken 1,223 times
    930 since last reset
  • The average score is 320 of 625
Answer Stats
Year # Pos/Country Answer % Correct
2015-2016 7 FW Heung-min Son
99%
2016-2017 7 FW Heung-min Son
99%
2017-2018 7 FW Heung-min Son
99%
2018-2019 7 FW Heung-min Son
99%
2019-2020 7 FW Heung-min Son
99%
2020-2021 7 FW Heung-min Son
99%
2021-2022 7 FW Heung-min Son
99%
2022-2023 7 FW Heung-min Son
99%
2023-2024 7 FW Heung-min Son
99%
2024-2025 7 FW Heung-min Son
99%
2014-2015 18 FW Harry Kane
97%
2015-2016 10 FW Harry Kane
97%
2016-2017 10 FW Harry Kane
97%
2017-2018 10 FW Harry Kane
97%
2018-2019 10 FW Harry Kane
97%
2019-2020 10 FW Harry Kane
97%
2020-2021 10 FW Harry Kane
97%
2021-2022 10 FW Harry Kane
97%
2022-2023 10 FW Harry Kane
97%
2012-2013 25 GK Hugo Lloris
97%
2013-2014 25 GK Hugo Lloris
97%
2014-2015 1 GK Hugo Lloris
97%
2015-2016 1 GK Hugo Lloris
97%
2016-2017 1 GK Hugo Lloris
97%
2017-2018 1 GK Hugo Lloris
97%
2018-2019 1 GK Hugo Lloris
97%
2019-2020 1 GK Hugo Lloris
97%
2020-2021 1 GK Hugo Lloris
97%
2021-2022 1 GK Hugo Lloris
97%
2022-2023 1 GK Hugo Lloris
97%
2007-2008 16 FW Gareth Bale
93%
2008-2009 3 FW Gareth Bale
93%
2009-2010 3 FW Gareth Bale
93%
2010-2011 3 FW Gareth Bale
93%
2011-2012 3 FW Gareth Bale
93%
2012-2013 11 FW Gareth Bale
93%
2020-2021 9 FW Gareth Bale
93%
2022-2023 9 FW Richarlison
93%
2023-2024 9 FW Richarlison
93%
2024-2025 9 FW Richarlison
93%
2012-2013 5 DF Jan Vertonghen
91%
2013-2014 5 DF Jan Vertonghen
91%
2014-2015 5 DF Jan Vertonghen
91%
2015-2016 5 DF Jan Vertonghen
91%
2016-2017 5 DF Jan Vertonghen
91%
2017-2018 5 DF Jan Vertonghen
91%
2018-2019 5 DF Jan Vertonghen
91%
2019-2020 5 DF Jan Vertonghen
91%
2007-2008 23 FW Darren Bent
90%
2008-2009 10 FW Darren Bent
90%
2021-2022 21 MF Dejan Kulusevski
90%
2022-2023 21 MF Dejan Kulusevski
90%
2023-2024 21 MF Dejan Kulusevski
90%
2024-2025 21 MF Dejan Kulusevski
90%
2021-2022 4 DF Cristian Romero
89%
2022-2023 17 DF Cristian Romero
89%
2023-2024 17 DF Cristian Romero
89%
2024-2025 17 DF Cristian Romero
89%
2013-2014 23 MF Christian Eriksen
88%
2014-2015 23 MF Christian Eriksen
88%
2015-2016 23 MF Christian Eriksen
88%
2016-2017 23 MF Christian Eriksen
88%
2017-2018 23 MF Christian Eriksen
88%
2018-2019 23 MF Christian Eriksen
88%
2019-2020 23 MF Christian Eriksen
88%
2023-2024 13 GK Guglielmo Vicario
88%
2024-2025 1 GK Guglielmo Vicario
88%
2015-2016 4 DF Toby Alderweireld
88%
2016-2017 4 DF Toby Alderweireld
88%
2017-2018 4 DF Toby Alderweireld
88%
2018-2019 4 DF Toby Alderweireld
88%
2019-2020 4 DF Toby Alderweireld
88%
2020-2021 4 DF Toby Alderweireld
88%
2014-2015 33 DF Ben Davies
87%
2015-2016 33 DF Ben Davies
87%
2016-2017 33 DF Ben Davies
87%
2017-2018 33 DF Ben Davies
87%
2018-2019 33 DF Ben Davies
87%
2019-2020 33 DF Ben Davies
87%
2020-2021 33 DF Ben Davies
87%
2021-2022 33 DF Ben Davies
87%
2022-2023 33 DF Ben Davies
87%
2023-2024 33 DF Ben Davies
87%
2024-2025 33 DF Ben Davies
87%
2017-2018 6 DF Davinson Sánchez
86%
2018-2019 6 DF Davinson Sánchez
86%
2019-2020 6 DF Davinson Sánchez
86%
2020-2021 6 DF Davinson Sánchez
86%
2021-2022 6 DF Davinson Sánchez
86%
2022-2023 6 DF Davinson Sánchez
86%
2023-2024 6 DF Davinson Sánchez
86%
2000-2001 29 MF Simon Davies
86%
2001-2002 29 MF Simon Davies
86%
2002-2003 29 MF Simon Davies
86%
2003-2004 29 MF Simon Davies
86%
2004-2005 7 MF Simon Davies
86%
2023-2024 10 MF James Maddison
85%
2024-2025 10 MF James Maddison
85%
2023-2024 37 DF Micky van de Ven
85%
2024-2025 37 DF Micky van de Ven
85%
2020-2021 5 MF Pierre-Emile Højbjerg
85%
2021-2022 5 MF Pierre-Emile Højbjerg
85%
2022-2023 5 MF Pierre-Emile Højbjerg
85%
2023-2024 5 MF Pierre-Emile Højbjerg
85%
2021-2022 30 MF Rodrigo Bentancur
85%
2022-2023 30 MF Rodrigo Bentancur
85%
2023-2024 30 MF Rodrigo Bentancur
85%
2024-2025 30 MF Rodrigo Bentancur
85%
2013-2014 11 FW Erik Lamela
83%
2014-2015 11 FW Erik Lamela
83%
2015-2016 11 FW Erik Lamela
83%
2016-2017 11 FW Erik Lamela
83%
2017-2018 11 FW Erik Lamela
83%
2018-2019 11 FW Erik Lamela
83%
2019-2020 11 FW Erik Lamela
83%
2020-2021 11 FW Erik Lamela
83%
2017-2018 27 FW Lucas Moura
83%
2018-2019 27 FW Lucas Moura
83%
2019-2020 27 FW Lucas Moura
83%
2020-2021 27 FW Lucas Moura
83%
2021-2022 27 FW Lucas Moura
83%
2022-2023 27 FW Lucas Moura
83%
2009-2010 28 DF Kyle Walker
82%
2011-2012 28 DF Kyle Walker
82%
2012-2013 28 DF Kyle Walker
82%
2013-2014 2 DF Kyle Walker
82%
2014-2015 2 DF Kyle Walker
82%
2015-2016 2 DF Kyle Walker
82%
2016-2017 2 DF Kyle Walker
82%
2023-2024 22 FW Brennan Johnson
81%
2024-2025 22 FW Brennan Johnson
81%
2000-2001 1 GK Ian Walker
81%
2014-2015 15 DF Eric Dier
80%
2015-2016 15 DF Eric Dier
80%
2016-2017 15 DF Eric Dier
80%
2017-2018 15 DF Eric Dier
80%
2018-2019 15 DF Eric Dier
80%
2019-2020 15 DF Eric Dier
80%
2020-2021 15 DF Eric Dier
80%
2021-2022 15 DF Eric Dier
80%
2022-2023 15 DF Eric Dier
80%
2023-2024 15 DF Eric Dier
80%
2008-2009 14 MF Luka Modrić
80%
2009-2010 14 MF Luka Modrić
80%
2010-2011 14 MF Luka Modrić
80%
2011-2012 14 MF Luka Modrić
80%
2012-2013 19 MF Mousa Dembélé
79%
2013-2014 19 MF Mousa Dembélé
79%
2014-2015 19 MF Mousa Dembélé
79%
2015-2016 19 MF Mousa Dembélé
79%
2016-2017 19 MF Mousa Dembélé
79%
2017-2018 19 MF Mousa Dembélé
79%
2018-2019 19 MF Mousa Dembélé
79%
2023-2024 6 DF Radu Drăgușin
79%
2024-2025 6 DF Radu Drăgușin
79%
2023-2024 16 FW Timo Werner
79%
2024-2025 16 FW Timo Werner
79%
2016-2017 12 MF Victor Wanyama
79%
2017-2018 12 MF Victor Wanyama
79%
2018-2019 12 MF Victor Wanyama
79%
2015-2016 20 MF Dele Alli
78%
2016-2017 20 MF Dele Alli
78%
2017-2018 20 MF Dele Alli
78%
2018-2019 20 MF Dele Alli
78%
2019-2020 20 MF Dele Alli
78%
2020-2021 20 MF Dele Alli
78%
2021-2022 20 MF Dele Alli
78%
2023-2024 38 DF Destiny Udogie
77%
2024-2025 13 DF Destiny Udogie
77%
2022-2023 23 DF Pedro Porro
77%
2023-2024 23 DF Pedro Porro
77%
2024-2025 23 DF Pedro Porro
77%
2022-2023 38 MF Yves Bissouma
77%
2023-2024 8 MF Yves Bissouma
77%
2024-2025 8 MF Yves Bissouma
77%
2009-2010 25 DF Danny Rose
76%
2010-2011 25 DF Danny Rose
76%
2011-2012 25 DF Danny Rose
76%
2013-2014 3 DF Danny Rose
76%
2014-2015 3 DF Danny Rose
76%
2015-2016 3 DF Danny Rose
76%
2016-2017 3 DF Danny Rose
76%
2017-2018 3 DF Danny Rose
76%
2018-2019 3 DF Danny Rose
76%
2019-2020 3 DF Danny Rose
76%
2022-2023 29 MF Pape Matar Sarr
75%
2023-2024 29 MF Pape Matar Sarr
75%
2024-2025 29 MF Pape Matar Sarr
75%
2011-2012 10 FW Emmanuel Adebayor
74%
2012-2013 10 FW Emmanuel Adebayor
74%
2013-2014 10 FW Emmanuel Adebayor
74%
2014-2015 10 FW Emmanuel Adebayor
74%
2022-2023 14 FW Ivan Perišić
73%
2023-2024 14 FW Ivan Perišić
73%
2015-2016 29 MF Harry Winks
70%
2016-2017 29 MF Harry Winks
70%
2017-2018 29 MF Harry Winks
70%
2018-2019 8 MF Harry Winks
70%
2019-2020 8 MF Harry Winks
70%
2020-2021 8 MF Harry Winks
70%
2021-2022 8 MF Harry Winks
70%
2016-2017 17 MF Moussa Sissoko
70%
2017-2018 17 MF Moussa Sissoko
70%
2018-2019 17 MF Moussa Sissoko
70%
2019-2020 17 MF Moussa Sissoko
70%
2020-2021 17 MF Moussa Sissoko
70%
2017-2018 24 DF Serge Aurier
70%
2018-2019 24 DF Serge Aurier
70%
2019-2020 24 DF Serge Aurier
70%
2020-2021 24 DF Serge Aurier
70%
2024-2025 4 DF Kevin Danso
69%
2015-2016 16 DF Kieran Trippier
68%
2016-2017 16 DF Kieran Trippier
68%
2017-2018 2 DF Kieran Trippier
68%
2018-2019 2 DF Kieran Trippier
68%
2024-2025 15 MF Lucas Bergvall
68%
2002-2003 22 FW Robbie Keane
67%
2003-2004 10 FW Robbie Keane
67%
2004-2005 10 FW Robbie Keane
67%
2005-2006 10 FW Robbie Keane
67%
2006-2007 10 FW Robbie Keane
67%
2007-2008 10 FW Robbie Keane
67%
2008-2009 15 FW Robbie Keane
67%
2009-2010 10 FW Robbie Keane
67%
2010-2011 10 FW Robbie Keane
67%
2020-2021 3 DF Sergio Reguilón
66%
2021-2022 3 DF Sergio Reguilón
66%
2000-2001 12 DF Gary Doherty
65%
2001-2002 12 DF Gary Doherty
65%
2002-2003 12 DF Gary Doherty
65%
2003-2004 12 DF Gary Doherty
65%
2019-2020 18 MF Giovani Lo Celso
65%
2020-2021 18 MF Giovani Lo Celso
65%
2021-2022 18 MF Giovani Lo Celso
65%
2023-2024 18 MF Giovani Lo Celso
65%
2020-2021 2 DF Matt Doherty
65%
2021-2022 2 DF Matt Doherty
65%
2022-2023 2 DF Matt Doherty
65%
2024-2025 19 FW Dominic Solanke
64%
2024-2025 11 FW Mathys Tel
64%
2021-2022 12 DF Emerson Royal
63%
2022-2023 12 DF Emerson Royal
63%
2023-2024 12 DF Emerson Royal
63%
2003-2004 18 FW Jermain Defoe
63%
2004-2005 18 FW Jermain Defoe
63%
2005-2006 18 FW Jermain Defoe
63%
2006-2007 18 FW Jermain Defoe
63%
2007-2008 18 FW Jermain Defoe
63%
2008-2009 25 FW Jermain Defoe
63%
2009-2010 18 FW Jermain Defoe
63%
2010-2011 18 FW Jermain Defoe
63%
2011-2012 18 FW Jermain Defoe
63%
2012-2013 18 FW Jermain Defoe
63%
2013-2014 18 FW Jermain Defoe
63%
2019-2020 28 MF Tanguy Ndombélé
62%
2020-2021 28 MF Tanguy Ndombélé
62%
2021-2022 28 MF Tanguy Ndombélé
62%
2022-2023 20 GK Fraser Forster
60%
2024-2025 20 GK Fraser Forster
60%
2019-2020 23 FW Steven Bergwijn
60%
2020-2021 23 FW Steven Bergwijn
60%
2021-2022 23 FW Steven Bergwijn
60%
2008-2009 1 GK Heurelho Gomes
59%
2009-2010 1 GK Heurelho Gomes
59%
2010-2011 1 GK Heurelho Gomes
59%
2018-2019 52 MF Oliver Skipp
59%
2019-2020 29 MF Oliver Skipp
59%
2021-2022 29 MF Oliver Skipp
59%
2022-2023 4 MF Oliver Skipp
59%
2023-2024 4 MF Oliver Skipp
59%
2009-2010 15 FW Peter Crouch
59%
2010-2011 15 FW Peter Crouch
59%
2017-2018 18 FW Fernando Llorente
58%
2018-2019 18 FW Fernando Llorente
58%
2013-2014 9 FW Roberto Soldado
58%
2014-2015 9 FW Roberto Soldado
58%
2021-2022 11 FW Bryan Gil
57%
2022-2023 11 FW Bryan Gil
57%
2023-2024 11 FW Bryan Gil
57%
2012-2013 22 MF Gylfi Sigurdsson
57%
2013-2014 22 MF Gylfi Sigurdsson
57%
2014-2015 13 GK Michel Vorm
57%
2015-2016 13 GK Michel Vorm
57%
2016-2017 13 GK Michel Vorm
57%
2017-2018 13 GK Michel Vorm
57%
2018-2019 13 GK Michel Vorm
57%
2005-2006 25 FW Aaron Lennon
56%
2006-2007 25 FW Aaron Lennon
56%
2007-2008 25 FW Aaron Lennon
56%
2008-2009 7 FW Aaron Lennon
56%
2009-2010 7 FW Aaron Lennon
56%
2010-2011 7 FW Aaron Lennon
56%
2011-2012 7 FW Aaron Lennon
56%
2012-2013 7 FW Aaron Lennon
56%
2013-2014 7 FW Aaron Lennon
56%
2014-2015 7 FW Aaron Lennon
56%
2006-2007 9 FW Dimitar Berbatov
56%
2007-2008 9 FW Dimitar Berbatov
56%
2010-2011 11 MF Rafael van der Vaart
56%
2011-2012 11 MF Rafael van der Vaart
56%
2006-2007 32 DF Benoît Assou-Ekotto
55%
2008-2009 32 DF Benoît Assou-Ekotto
55%
2009-2010 32 DF Benoît Assou-Ekotto
55%
2010-2011 32 DF Benoît Assou-Ekotto
55%
2011-2012 32 DF Benoît Assou-Ekotto
55%
2012-2013 32 DF Benoît Assou-Ekotto
55%
2012-2013 2 FW Clint Dempsey
55%
2000-2001 26 DF Ledley King
55%
2001-2002 26 DF Ledley King
55%
2002-2003 26 DF Ledley King
55%
2003-2004 26 DF Ledley King
55%
2004-2005 26 DF Ledley King
55%
2005-2006 26 DF Ledley King
55%
2006-2007 26 DF Ledley King
55%
2007-2008 26 DF Ledley King
55%
2008-2009 26 DF Ledley King
55%
2009-2010 26 DF Ledley King
55%
2010-2011 26 DF Ledley King
55%
2011-2012 26 DF Ledley King
55%
2023-2024 27 FW Manor Solomon
55%
2011-2012 24 GK Brad Friedel
54%
2012-2013 24 GK Brad Friedel
54%
2013-2014 24 GK Brad Friedel
54%
2013-2014 21 FW Nacer Chadli
54%
2014-2015 22 FW Nacer Chadli
54%
2015-2016 22 FW Nacer Chadli
54%
2024-2025 14 DF Archie Gray
51%
2024-2025 24 DF Djed Spence
51%
2013-2014 8 MF Paulinho
50%
2014-2015 8 MF Paulinho
50%
2017-2018 22 GK Paulo Gazzaniga
49%
2018-2019 22 GK Paulo Gazzaniga
49%
2019-2020 22 GK Paulo Gazzaniga
49%
2024-2025 31 GK Antonín Kinský
48%
2013-2014 42 MF Nabil Bentaleb
48%
2014-2015 42 MF Nabil Bentaleb
48%
2015-2016 6 MF Nabil Bentaleb
48%
2016-2017 9 FW Vincent Janssen
47%
2024-2025 28 FW Wilson Odobert
47%
2008-2009 9 FW Roman Pavlyuchenko
46%
2009-2010 9 FW Roman Pavlyuchenko
46%
2010-2011 9 FW Roman Pavlyuchenko
46%
2011-2012 9 FW Roman Pavlyuchenko
46%
2010-2011 30 MF Sandro
46%
2011-2012 30 MF Sandro
46%
2012-2013 30 MF Sandro
46%
2013-2014 30 MF Sandro
46%
2008-2009 22 DF Vedran Corluka
46%
2009-2010 22 DF Vedran Corluka
46%
2010-2011 22 DF Vedran Corluka
46%
2011-2012 22 DF Vedran Corluka
46%
2010-2011 13 DF William Gallas
46%
2011-2012 13 DF William Gallas
46%
2012-2013 13 DF William Gallas
46%
2000-2001 2 DF Stephen Carr
45%
2002-2003 2 DF Stephen Carr
45%
2003-2004 2 DF Stephen Carr
45%
2004-2005 1 GK Paul Robinson
43%
2005-2006 1 GK Paul Robinson
43%
2006-2007 1 GK Paul Robinson
43%
2007-2008 1 GK Paul Robinson
43%
2007-2008 5 DF Younès Kaboul
43%
2009-2010 4 DF Younès Kaboul
43%
2010-2011 4 DF Younès Kaboul
43%
2011-2012 4 DF Younès Kaboul
43%
2013-2014 4 DF Younès Kaboul
43%
2014-2015 4 DF Younès Kaboul
43%
2020-2021 14 DF Joe Rodon
41%
2021-2022 14 DF Joe Rodon
41%
2017-2018 37 DF Kyle Walker-Peters
41%
2018-2019 16 DF Kyle Walker-Peters
41%
2019-2020 16 DF Kyle Walker-Peters
41%
2004-2005 20 DF Michael Dawson
41%
2005-2006 20 DF Michael Dawson
41%
2006-2007 20 DF Michael Dawson
41%
2007-2008 20 DF Michael Dawson
41%
2008-2009 20 DF Michael Dawson
41%
2009-2010 20 DF Michael Dawson
41%
2010-2011 20 DF Michael Dawson
41%
2011-2012 20 DF Michael Dawson
41%
2012-2013 20 DF Michael Dawson
41%
2013-2014 20 DF Michael Dawson
41%
2013-2014 6 DF Vlad Chiricheș
41%
2014-2015 6 DF Vlad Chiricheș
41%
2008-2009 18 FW Fraizer Campbell
40%
2000-2001 5 DF Sol Campbell
40%
2014-2015 21 DF Federico Fazio
38%
2015-2016 21 DF Federico Fazio
38%
2019-2020 30 MF Gedson Fernandes
38%
2020-2021 30 MF Gedson Fernandes
38%
2005-2006 22 MF Tom Huddlestone
38%
2006-2007 22 MF Tom Huddlestone
38%
2007-2008 22 MF Tom Huddlestone
38%
2008-2009 6 MF Tom Huddlestone
38%
2009-2010 6 MF Tom Huddlestone
38%
2010-2011 6 MF Tom Huddlestone
38%
2012-2013 6 MF Tom Huddlestone
38%
2008-2009 12 MF Wilson Palacios
38%
2009-2010 12 MF Wilson Palacios
38%
2010-2011 12 MF Wilson Palacios
38%
2008-2009 17 FW Giovani dos Santos
37%
2011-2012 17 FW Giovani dos Santos
37%
2020-2021 12 GK Joe Hart
37%
2017-2018 21 DF Juan Foyth
37%
2018-2019 21 DF Juan Foyth
37%
2014-2015 38 MF Ryan Mason
37%
2015-2016 8 MF Ryan Mason
37%
2015-2016 27 DF Kevin Wimmer
36%
2016-2017 27 DF Kevin Wimmer
36%
2011-2012 8 MF Scott Parker
36%
2012-2013 8 MF Scott Parker
36%
2008-2009 23 GK Carlo Cudicini
35%
2009-2010 23 GK Carlo Cudicini
35%
2010-2011 23 GK Carlo Cudicini
35%
2011-2012 23 GK Carlo Cudicini
35%
2012-2013 23 GK Carlo Cudicini
35%
2005-2006 16 DF Young-pyo Lee
35%
2006-2007 3 DF Young-pyo Lee
35%
2007-2008 3 DF Young-pyo Lee
35%
2007-2008 28 DF Alan Hutton
34%
2008-2009 2 DF Alan Hutton
34%
2009-2010 2 DF Alan Hutton
34%
2010-2011 2 DF Alan Hutton
34%
2009-2010 21 MF Niko Kranjcar
34%
2010-2011 21 MF Niko Kranjcar
34%
2011-2012 21 MF Niko Kranjcar
34%
2001-2002 10 FW Teddy Sheringham
34%
2002-2003 10 FW Teddy Sheringham
34%
2020-2021 45 FW Carlos Vinícius
33%
2016-2017 14 FW Georges-Kevin N'Koudou
33%
2017-2018 14 FW Georges-Kevin N'Koudou
33%
2005-2006 28 MF Jermaine Jenas
33%
2006-2007 8 MF Jermaine Jenas
33%
2007-2008 8 MF Jermaine Jenas
33%
2008-2009 8 MF Jermaine Jenas
33%
2009-2010 8 MF Jermaine Jenas
33%
2010-2011 8 MF Jermaine Jenas
33%
2022-2023 34 DF Clément Lenglet
32%
2009-2010 17 FW Eidur Gudjohnsen
32%
2019-2020 39 DF Japhet Tanganga
32%
2020-2021 25 DF Japhet Tanganga
32%
2021-2022 25 DF Japhet Tanganga
32%
2022-2023 25 DF Japhet Tanganga
32%
2004-2005 15 FW Mido
32%
2005-2006 15 FW Mido
32%
2006-2007 11 FW Mido
32%
2021-2022 22 GK Pierluigi Gollini
32%
2019-2020 19 DF Ryan Sessegnon
32%
2021-2022 19 DF Ryan Sessegnon
32%
2022-2023 19 DF Ryan Sessegnon
32%
2010-2011 40 MF Steven Pienaar
32%
2015-2016 14 FW Clinton N'Jie
30%
2012-2013 23 MF Lewis Holtby
29%
2013-2014 14 MF Lewis Holtby
29%
2009-2010 19 DF Sébastien Bassong
29%
2010-2011 19 DF Sébastien Bassong
29%
2011-2012 19 DF Sébastien Bassong
29%
2008-2009 5 MF David Bentley
28%
2009-2010 5 MF David Bentley
28%
2004-2005 23 MF Michael Carrick
28%
2005-2006 23 MF Michael Carrick
28%
2012-2013 31 FW Andros Townsend
26%
2013-2014 17 FW Andros Townsend
26%
2014-2015 17 FW Andros Townsend
26%
2015-2016 17 FW Andros Townsend
26%
2012-2013 33 DF Steven Caulker
26%
2022-2023 16 FW Arnaut Danjuma
25%
2016-2017 38 DF Cameron Carter-Vickers
23%
2006-2007 4 MF Didier Zokora
23%
2007-2008 4 MF Didier Zokora
23%
2008-2009 4 MF Didier Zokora
23%
2005-2006 5 MF Edgar Davids
23%
2006-2007 5 MF Edgar Davids
23%
2013-2014 15 MF Étienne Capoue
23%
2014-2015 29 MF Étienne Capoue
23%
2003-2004 9 FW Frédéric Kanouté
23%
2004-2005 9 FW Frédéric Kanouté
23%
2011-2012 46 MF Tom Carroll
23%
2012-2013 46 MF Tom Carroll
23%
2015-2016 28 MF Tom Carroll
23%
2016-2017 28 MF Tom Carroll
23%
2000-2001 9 FW Les Ferdinand
22%
2001-2002 9 FW Les Ferdinand
22%
2002-2003 9 FW Les Ferdinand
22%
2004-2005 4 MF Sean Davis
22%
2001-2002 14 MF Gustavo Poyet
21%
2002-2003 14 MF Gustavo Poyet
21%
2003-2004 14 MF Gustavo Poyet
21%
2006-2007 2 DF Pascal Chimbonda
21%
2007-2008 2 DF Pascal Chimbonda
21%
2008-2009 21 DF Pascal Chimbonda
21%
2011-2012 15 FW Louis Saha
20%
2007-2008 39 DF Jonathan Woodgate
19%
2008-2009 39 DF Jonathan Woodgate
19%
2009-2010 39 DF Jonathan Woodgate
19%
2005-2006 6 MF Teemu Tainio
19%
2006-2007 6 MF Teemu Tainio
19%
2007-2008 6 MF Teemu Tainio
19%
2004-2005 8 MF Pedro Mendes
18%
2005-2006 8 MF Pedro Mendes
18%
2000-2001 10 FW Steffen Iversen
18%
2001-2002 16 FW Steffen Iversen
18%
2002-2003 16 FW Steffen Iversen
18%
2004-2005 19 MF Andy Reid
17%
2005-2006 19 MF Andy Reid
17%
2014-2015 25 MF Benjamin Stambouli
17%
2001-2002 23 MF Christian Ziege
16%
2002-2003 23 MF Christian Ziege
16%
2003-2004 23 MF Christian Ziege
16%
2000-2001 7 MF Darren Anderton
16%
2001-2002 7 MF Darren Anderton
16%
2002-2003 7 MF Darren Anderton
16%
2003-2004 7 MF Darren Anderton
16%
2011-2012 29 MF Jake Livermore
16%
2012-2013 29 MF Jake Livermore
16%
2001-2002 13 GK Kasey Keller
16%
2002-2003 13 GK Kasey Keller
16%
2003-2004 13 GK Kasey Keller
16%
2012-2013 16 DF Kyle Naughton
16%
2013-2014 16 DF Kyle Naughton
16%
2014-2015 16 DF Kyle Naughton
16%
2000-2001 11 FW Sergiy Rebrov
16%
2001-2002 11 FW Sergiy Rebrov
16%
2000-2001 4 MF Steffen Freund
16%
2001-2002 4 MF Steffen Freund
16%
2002-2003 4 MF Steffen Freund
16%
2006-2007 15 MF Steed Malbranque
15%
2007-2008 15 MF Steed Malbranque
15%
2003-2004 8 FW Hélder Postiga
14%
2001-2002 36 DF Dean Richards
13%
2002-2003 36 DF Dean Richards
13%
2003-2004 36 DF Dean Richards
13%
2004-2005 14 DF Erik Edman
13%
2005-2006 14 DF Erik Edman
13%
2002-2003 15 MF Jamie Redknapp
13%
2003-2004 15 MF Jamie Redknapp
13%
2004-2005 15 MF Jamie Redknapp
13%
2007-2008 17 MF Kevin-Prince Boateng
13%
2003-2004 6 MF Michael Brown
13%
2004-2005 11 MF Michael Brown
13%
2005-2006 11 MF Michael Brown
13%
2005-2006 7 DF Paul Stalteri
13%
2006-2007 7 DF Paul Stalteri
13%
2007-2008 17 DF Paul Stalteri
13%
2006-2007 14 MF Hossam Ghaly
12%
2000-2001 21 DF Luke Young
12%
2000-2001 8 MF Tim Sherwood
12%
2001-2002 8 MF Tim Sherwood
12%
2005-2006 8 MF Danny Murphy
11%
2006-2007 13 MF Danny Murphy
11%
2005-2006 9 FW Grzegorz Rasiak
11%
2007-2008 24 MF Jamie O'Hara
11%
2008-2009 24 MF Jamie O'Hara
11%
2015-2016 25 MF Josh Onomah
11%
2016-2017 25 MF Josh Onomah
11%
2000-2001 13 GK Neil Sullivan
11%
2001-2002 1 GK Neil Sullivan
11%
2003-2004 32 MF Johnnie Jackson
10%
2004-2005 32 MF Johnnie Jackson
10%
2000-2001 3 DF Mauricio Taricco
10%
2001-2002 3 DF Mauricio Taricco
10%
2002-2003 3 DF Mauricio Taricco
10%
2003-2004 3 DF Mauricio Taricco
10%
2004-2005 2 DF Noureddine Naybet
10%
2005-2006 2 DF Noureddine Naybet
10%
2006-2007 12 GK Radek Cerny
10%
2007-2008 12 GK Radek Cerny
10%
2000-2001 16 FW Chris Armstrong
9%
2000-2001 17 MF Øyvind Leonhardsen
9%
2001-2002 17 MF Øyvind Leonhardsen
9%
2003-2004 34 DF Stephen Kelly
9%
2004-2005 34 DF Stephen Kelly
9%
2005-2006 3 DF Stephen Kelly
9%
2000-2001 30 DF Anthony Gardner
8%
2001-2002 30 DF Anthony Gardner
8%
2002-2003 30 DF Anthony Gardner
8%
2003-2004 30 DF Anthony Gardner
8%
2004-2005 30 DF Anthony Gardner
8%
2005-2006 30 DF Anthony Gardner
8%
2006-2007 30 DF Anthony Gardner
8%
2007-2008 15 DF Anthony Gardner
8%
2008-2009 17 DF Chris Gunter
8%
2012-2013 27 FW Iago Falque
8%
2004-2005 16 DF Reto Ziegler
8%
2003-2004 25 FW Bobby Zamora
7%
2000-2001 6 DF Chris Perry
7%
2001-2002 6 DF Chris Perry
7%
2002-2003 6 DF Chris Perry
7%
2001-2002 5 DF Goran Bunjevcevic
7%
2002-2003 5 DF Goran Bunjevcevic
7%
2003-2004 5 DF Goran Bunjevcevic
7%
2004-2005 5 DF Goran Bunjevcevic
7%
2006-2007 33 DF Ricardo Rocha
7%
2007-2008 33 DF Ricardo Rocha
7%
2004-2005 24 DF Thimothée Atouba
7%
2005-2006 21 FW Wayne Routledge
7%
2013-2014 35 DF Zeki Fryers
7%
2002-2003 44 MF Kazuyuki Toda
6%
2016-2017 48 FW Marcus Edwards
6%
2001-2002 28 MF Matthew Etherington
6%
2002-2003 28 MF Matthew Etherington
6%
2000-2001 34 DF Ramon Vega
6%
2003-2004 11 MF Stéphane Dalmat
6%
2000-2001 18 DF Ben Thatcher
5%
2001-2002 18 DF Ben Thatcher
5%
2002-2003 18 DF Ben Thatcher
5%
2005-2006 27 DF Calum Davenport
5%
2006-2007 27 DF Calum Davenport
5%
2002-2003 21 MF Milenko Acimovic
5%
2004-2005 17 DF Noé Pamarot
5%
2004-2005 31 MF Dean Marney
4%
2002-2003 20 MF Jonathan Blondel
4%
2003-2004 21 DF Mbulelo Mabizela
4%
2003-2004 16 DF Paul Konchesky
4%
2006-2007 29 DF Philip Ifil
4%
2003-2004 27 MF Rohan Ricketts
4%
2004-2005 27 MF Rohan Ricketts
4%
2000-2001 25 MF Stephen Clemence
4%
2001-2002 25 MF Stephen Clemence
4%
2002-2003 25 MF Stephen Clemence
4%
2000-2001 15 FW Willem Korsten
4%
2000-2001 31 DF Alton Thelwell
3%
2001-2002 31 DF Alton Thelwell
3%
2000-2001 19 FW Andy Booth
3%
2001-2002 24 GK Lars Hirschfeld
2%
No matching quizzes found
Score Distribution
Percent of People with Each Score
Percentile by Number Answered
Your Score History
You have not taken this quiz since the last reset